MARC

LEADER 00000nam0a2200000 4500
001 129712
005 20250603101731.0
010 |a 5250021441 
035 |a (RuTPU)RU\TPU\book\140402 
090 |a 129712 
100 |a 20080128d1992 m y0rusy5003 ca 
101 1 |a rus  |c eng 
102 |a RU 
105 |a a z 000ay 
200 1 |a Дочь времени  |f Д. Тей  |g пер. с англ. И. А. Вишневская ; худож. Н. А. Алексеева 
210 |a Москва  |c Республика  |d 1992 
215 |a 158,[1] с.  |c ил.  |d 20 см 
606 |a Английская литература  |9 52454 
610 1 |a Англия 
610 1 |a художественная литература 
610 1 |a 15 век 
610 1 |a детективы 
675 |a 82  |v 3 
700 1 |a Тей  |b Д.  |g Джозефина  |4 070 
702 1 |a Вишневская  |b И. А.  |4 730 
702 1 |a Алексеева  |b Н. А.  |4 440 
801 0 |a RU  |b RuMRKP  |c 19950417  |g psbo 
801 1 |a RU  |b 63413507  |c 20080128  |g PSBO 
801 2 |a RU  |b 63413507  |c 20090625  |g PSBO 
850 |a 63413507 
942 |c BK